Unsmiling faces : how preschools can heal
Αποθηκεύτηκε σε:
| Άλλοι συγγραφείς: | |
|---|---|
| Μορφή: | Βιβλίο |
| Γλώσσα: | English |
| Δημοσίευση: |
New York :
Teachers College Press,
1996
|
| Θέματα: | |
| Ετικέτες: |
Προσθήκη ετικέτας
Δεν υπάρχουν, Καταχωρήστε ετικέτα πρώτοι!
|
MARC
| LEADER | 00000nam a2200000 i 4500 | ||
|---|---|---|---|
| 001 | 1/96490 | ||
| 008 | 991215s1996 eng d | ||
| 020 | |a 0-8077-3470-5 |c 17.95 | ||
| 035 | |l 10055781 | ||
| 040 | |a GR-MY-UA |b gre |e aacr | ||
| 041 | 0 | |a eng | |
| 082 | 0 | |a 372.146 | |
| 245 | 1 | 0 | |a Unsmiling faces : |b how preschools can heal / |c edited by Lesley Koplow |
| 260 | |a New York : |b Teachers College Press, |c 1996 | ||
| 300 | |a 271 p.; |c 23 cm. | ||
| 650 | 0 | 0 | |a Preschool children |z United States |x Psychology. |
| 650 | 0 | 0 | |a Education, Preschool |z United States. |
| 650 | 0 | 0 | |a Behavior therapy for children |z United States. |
| 650 | 0 | 0 | |a Child psychotherapy |z United States. |
| 700 | 1 | |a Koplow, Lesley. |4 edt | |
| 852 | |a INST |b RHODES |e 19991215 |h 372.146 UNS |p 005400012828 |q 005400012828 |t BK |y 0 | ||
| 901 | |a BIBL4-2000-1 | ||
| 909 | |a Ρ |b 070042 | ||
| 922 | |a 4ΕΛΗ |b 199909 |c ΚΠΣ/154 |d GLORY BOOKS | ||
| 950 | |a 154-1999-07-22 | ||
| 970 | |a ΚΟΥΛΑΚΙΟΤΗ |b ΛΙΤΣΑ |z 2000/01/18 | ||